[Event "Andalucia-ch U12"]
[Site "Huelva"]
[Date "2014.04.26"]
[Round "6.5"]
[White "Gonzalez Vallejo, Ignacio"]
[Black "Samodurov, Maxim"]
[Result "1-0"]
[WhiteElo "1335"]
[BlackElo "1329"]
[PlyCount "51"]
[EventDate "2014.04.25"]
[EventType "swiss"]
[EventRounds "9"]
[EventCountry "ESP"]
[SourceTitle "EXT 2024"]
[Source "ChessBase"]
[SourceDate "2023.10.10"]
[SourceVersion "1"]
[SourceVersionDate "2023.10.10"]
[SourceQuality "1"]

1. e4 c5 2. Nf3 Nc6 3. d4 cxd4 4. Nxd4 Nf6 5. Nc3 e5 6. Nf3 d6 7. Bc4 g6 8. Ng5 Bg7 9. Nxf7 Qc7 10. Nxh8 Bxh8 11. 0-0 Bd7 12. Be3 Ng4 13. Bg5 Nd4 14. Bb3 h6 15. Bd2 h5 16. h3 Nf6 17. Bg5 Nh7 18. Bh6 0-0-0 19. Nd5 Qc5 20. Be3 Qb5 21. Bxd4 exd4 22. Ne7+ Kb8 23. Nxg6 Qg5 24. Nxh8 Rxh8 25. Qxd4 Rf8 26. Qxd6+ 1-0

[Event "Andalucia-ch U08 1011"]
[Site "Almeria"]
[Date "2011.03.26"]
[Round "5.3"]
[White "Gonzalez Vallejo, Ignacio"]
[Black "Escudero Perez, Victor"]
[Result "1-0"]
[WhiteElo "1180"]
[BlackElo "1168"]
[PlyCount "53"]
[EventDate "2011.03.25"]
[EventType "swiss"]
[EventRounds "9"]
[EventCountry "ESP"]
[SourceTitle "EXT 2024"]
[Source "ChessBase"]
[SourceDate "2023.10.10"]
[SourceVersion "1"]
[SourceVersionDate "2023.10.10"]
[SourceQuality "1"]

1. e4 e5 2. Nf3 Nc6 3. d4 Bb4+ 4. c3 exd4 5. cxb4 Nf6 6. Nxd4 Qe7 7. f3 Nxd4 8. Qxd4 0-0 9. Bg5 h6 10. Bxf6 gxf6 11. Bd3 d6 12. Nc3 Rd8 13. Nd5 Qd7 14. Nxf6+ Kf8 15. Nxd7+ Bxd7 16. Rc1 c6 17. Qxd6+ Ke8 18. 0-0 a5 19. Qe5+ Be6 20. Bc4 axb4 21. Bxe6 fxe6 22. Qxe6+ Kf8 23. Rcd1 Rxd1 24. Rxd1 b3 25. axb3 Ra2 26. Rd8+ Kg7 27. Rg8+ 1-0